[Event "29. Torneo San Viator 2017 - Torneo B"]
[Site "Madrid ESP"]
[Date "2017.09.24"]
[Round "2.34"]
[White "Lavado Pena, David"]
[Black "Calvo Gonzalez, Jose Felix"]
[Result "0-1"]
[WhiteElo "1153"]
[BlackElo "1385"]
[PlyCount "124"]
[EventDate "2017.09.17"]
[EventType "swiss"]
[EventRounds "9"]
[EventCountry "ESP"]
[SourceTitle "Ajedrez en Madrid"]
[Source "lmi"]
[SourceDate "2017.09.17"]

1. c4 e5 2. Nc3 Nf6 3. g3 d5 4. cxd5 Nxd5 5. Bg2 Nb6 6. e3 Nc6 7. Nge2 Be7 8.
O-O Be6 9. d4 exd4 10. exd4 Nd5 11. Nf4 Nxf4 12. Bxf4 Nxd4 13. Bxb7 Rb8 14. Bg2
Rxb2 15. Be5 Bf6 16. Bxf6 Qxf6 17. Ne4 Ne2+ 18. Kh1 Qd4 19. Qxd4 Nxd4 20. Rfc1
c6 21. Ng5 Bd7 22. f4 O-O 23. Rc4 Nc2 24. Rc1 Nb4 25. a3 Na2 26. R1c2 Rb1+ 27.
Bf1 Rxf1+ 28. Kg2 Rd1 29. Rxa2 h6 30. Nf3 Be6 31. Rac2 Bxc4 32. Rxc4 Ra1 33.
Rxc6 Rxa3 34. Nd4 a5 35. Ra6 a4 36. Kh3 Rd8 37. Nc2 Rc3 38. Nb4 Rd2 39. f5 g6
40. fxg6 fxg6 41. Rxa4 Rc4 42. Ra8+ Kf7 43. Na6 Ra2 44. Ra7+ Kf6 45. Ra8 Kg5
46. Nc7 Rxa8 47. Nxa8 h5 48. Nb6 Rc3 49. Nd5 Rb3 50. Nf4 Kf5 51. Kg2 h4 52. Kh3
g5 53. Ng2 Kg6 54. Nxh4+ gxh4 55. Kxh4 Rb5 56. g4 Rb8 57. h3 Rh8+ 58. Kg3 Kg5
59. Kh2 Kf4 60. Kg2 Rc8 61. Kh2 Rc2+ 62. Kg1 Kg3 0-1

[Event "29. Torneo San Viator 2017 - Torneo B"]
[Site "Madrid ESP"]
[Date "2017.09.24"]
[Round "2.35"]
[White "Tudoroiu, Adrian Eugen"]
[Black "Jimenez Perez, Federico"]
[Result "0-1"]
[WhiteElo "1101"]
[BlackElo "1381"]
[PlyCount "70"]
[EventDate "2017.09.17"]
[EventType "swiss"]
[EventRounds "9"]
[EventCountry "ESP"]
[SourceTitle "Ajedrez en Madrid"]
[Source "lmi"]
[SourceDate "2017.09.17"]

1. d4 Nf6 2. Bf4 g6 3. e3 Bg7 4. Bd3 d6 5. Nf3 Bg4 6. Nbd2 O-O 7. c3 c5 8. Qc2
Nc6 9. O-O-O Re8 10. Bg3 e5 11. h3 Bxf3 12. Nxf3 e4 13. Bxe4 Nxe4 14. Bh4 Bf6
15. Bxf6 Qxf6 16. h4 h5 17. dxc5 dxc5 18. g3 Qxf3 19. Rh2 b5 20. Rd5 Nb4 21.
cxb4 cxb4 22. Kb1 Rac8 23. Qd1 Qf6 24. Qd4 Qc6 25. Qd1 Qc7 26. Rd4 Red8 27.
Rxd8+ Rxd8 28. Qc2 Qe5 29. Rh1 Rd2 30. Qc1 Rxf2 31. Rd1 Nxg3 32. Rd4 Ne2 33.
Qc8+ Kg7 34. Rd2 Rf1+ 35. Kc2 Rc1+ 0-1

[Event "29. Torneo San Viator 2017 - Torneo B"]
[Site "Madrid ESP"]
[Date "2017.09.24"]
[Round "2.36"]
[White "Amador Andujar, Gabriel"]
[Black "Insua Rodriguez, Antonio"]
[Result "1/2-1/2"]
[WhiteElo "1090"]
[BlackElo "1373"]
[PlyCount "52"]
[EventDate "2017.09.17"]
[EventType "swiss"]
[EventRounds "9"]
[EventCountry "ESP"]
[SourceTitle "Ajedrez en Madrid"]
[Source "lmi"]
[SourceDate "2017.09.17"]

1. d4 d5 2. Nf3 Nf6 3. Bf4 e6 4. e3 Nbd7 5. Bd3 Nh5 6. Nc3 a6 7. Bg5 Nhf6 8.
Bh4 c5 9. Ne5 c4 10. Be2 Be7 11. O-O Nxe5 12. dxe5 Nd7 13. Bg3 Bh4 14. Bh5 g6
15. Bg4 h5 16. Bf3 Bxg3 17. fxg3 Nxe5 18. Qd4 Qg5 19. h4 Nxf3+ 20. Rxf3 Qh6 21.
Raf1 O-O 22. Na4 e5 23. Qxe5 Be6 24. Nc5 Rfe8 25. Nxe6 Rxe6 26. Qc7 f5 1/2-1/2

[Event "29. Torneo San Viator 2017 - Torneo B"]
[Site "Madrid ESP"]
[Date "2017.09.24"]
[Round "2.37"]
[White "Perales Hernandez, Manuel"]
[Black "Lopez Ochoa, Arsenio"]
[Result "0-1"]
[WhiteElo "1367"]
[BlackElo "1035"]
[PlyCount "77"]
[EventDate "2017.09.17"]
[EventType "swiss"]
[EventRounds "9"]
[EventCountry "ESP"]
[SourceTitle "Ajedrez en Madrid"]
[Source "lmi"]
[SourceDate "2017.09.17"]

1. e4 e5 2. Qh5 Nc6 3. Bc4 g6 4. Qf3 Nf6 5. Ne2 Bg7 6. Nbc3 O-O 7. a3 d6 8. h3
Be6 9. Bxe6 fxe6 10. d3 d5 11. g4 d4 12. Na4 Ne8 13. Qg2 Nd6 14. Nc5 Qe7 15. b4
a5 16. h4 a4 17. Bg5 Bf6 18. Bh6 Rf7 19. g5 Bg7 20. Qg4 Nd8 21. f4 b6 22. Bxg7
Rxg7 23. fxe5 Nb5 24. Nxa4 Rxa4 25. Qg1 c5 26. bxc5 bxc5 27. Nf4 Nf7 28. Qg4
Nxe5 29. Qxe6+ Qxe6 30. Nxe6 Re7 31. Nxc5 Rxa3 32. Ke2 Rc3 33. Ra2 Rxc5 34.
Ra8+ Kg7 35. Rc1 Rf7 36. Ra5 Nc6 37. Raa1 Ne5 38. Rg1 Rxc2+ 39. Kd1 0-1

[Event "29. Torneo San Viator 2017 - Torneo B"]
[Site "Madrid ESP"]
[Date "2017.09.24"]
[Round "2.38"]
[White "Rodriguez Arribas, Pedro"]
[Black "Giron Herranz, Juan"]
[Result "0-1"]
[WhiteElo "1082"]
[BlackElo "1366"]
[PlyCount "74"]
[EventDate "2017.09.17"]
[EventType "swiss"]
[EventRounds "9"]
[EventCountry "ESP"]
[SourceTitle "Ajedrez en Madrid"]
[Source "lmi"]
[SourceDate "2017.09.17"]

1. e4 c5 2. Nc3 d6 3. d4 cxd4 4. Qxd4 Nc6 5. Qd1 Nf6 6. f3 e6 7. Bb5 Be7 8. a3
O-O 9. Nge2 Qb6 10. Qd3 Ne5 11. Qe3 Qxe3 12. Bxe3 a6 13. Bd3 Bd7 14. O-O-O
Nxd3+ 15. Rxd3 Rfd8 16. e5 dxe5 17. Bb6 Rdc8 18. Rhd1 Bc6 19. Be3 Rd8 20. h4
Rxd3 21. Rxd3 Rd8 22. Rxd8+ Bxd8 23. Bg5 h6 24. Bd2 Nd5 25. Ne4 Bxh4 26. Nd6
Be7 27. Nc4 Bb5 28. b3 Bxa3+ 29. Nxa3 Bxe2 30. c4 Nf4 31. Nc2 Nxg2 32. Bc3 Bxf3
33. Bxe5 f6 34. Bd6 e5 35. Nb4 h5 36. Kd2 h4 37. Kd3 h3 0-1

[Event "29. Torneo San Viator 2017 - Torneo B"]
[Site "Madrid ESP"]
[Date "2017.10.01"]
[Round "3.2"]
[White "San Felipe Gonzalez, Tomas"]
[Black "Salgado Duarte, Pablo"]
[Result "1-0"]
[WhiteElo "1689"]
[BlackElo "1549"]
[PlyCount "111"]
[EventDate "2017.09.17"]
[EventType "swiss"]
[EventRounds "9"]
[EventCountry "ESP"]
[SourceTitle "Ajedrez en Madrid"]
[Source "lmi"]
[SourceDate "2017.09.17"]

1. d4 d5 2. c4 Nf6 3. Nc3 Nc6 4. cxd5 Nxd5 5. e4 Nf6 6. Bb5 Bd7 7. e5 Ng8 8.
Nf3 a6 9. Bc4 e6 10. Be3 Nge7 11. O-O Nf5 12. a3 Be7 13. Qc2 O-O 14. Rfe1 Nxe3
15. Rxe3 b5 16. Bd3 h6 17. Be4 Rb8 18. Rd1 Na5 19. d5 Qc8 20. Nd2 Bg5 21. Rd3
Bxd2 22. R3xd2 Kh8 23. f4 Nc4 24. Rd3 b4 25. Na2 Na5 26. Nxb4 Bb5 27. Rc3 exd5
28. Rxc7 Qg4 29. Nxd5 Bc4 30. Qd2 Rxb2 31. Qc1 Rfb8 32. Ne3 Qxf4 33. Nxc4 Qf2+
34. Kh1 Nxc4 35. Qxc4 g6 36. Qxf7 Qxf7 37. Rxf7 R2b6 38. Rfd7 Re6 39. Rd8+ Rxd8
40. Rxd8+ Kg7 41. Rd7+ Kf8 42. Rd5 Ke7 43. Kg1 Rb6 44. Ra5 g5 45. Bd3 Rc6 46.
Bxa6 Rc1+ 47. Bf1 Ke6 48. Kf2 h5 49. Be2 Rc2 50. h3 h4 51. Ke3 Rb2 52. Bg4+ Ke7
53. Ra7+ Ke8 54. Bf3 Rb3+ 55. Ke4 Rb6 56. Kf5 1-0

[Event "29. Torneo San Viator 2017 - Torneo B"]
[Site "Madrid ESP"]
[Date "2017.10.01"]
[Round "3.3"]
[White "Merino Araguas, Jose Javier"]
[Black "Prieto Gonzalez, Cesar"]
[Result "1-0"]
[WhiteElo "1680"]
[BlackElo "1535"]
[PlyCount "66"]
[EventDate "2017.09.17"]
[EventType "swiss"]
[EventRounds "9"]
[EventCountry "ESP"]
[SourceTitle "Ajedrez en Madrid"]
[Source "lmi"]
[SourceDate "2017.09.17"]

1. d4 Nf6 2. c4 g6 3. Nc3 Bg7 4. e4 d6 5. f3 O-O 6. Bg5 h6 7. Be3 e5 8. d5 a5
9. Qd2 Kh7 10. Bd3 Nbd7 11. Nge2 b6 12. O-O Nc5 13. Bc2 Bd7 14. Rab1 Ng8 15.
Ng3 Ne7 16. f4 f5 17. fxe5 dxe5 18. exf5 Nxf5 19. Nxf5 Bxf5 20. Bxf5 Rxf5 21.
Rxf5 gxf5 22. Qf2 Qf8 23. Bxc5 bxc5 24. Rf1 e4 25. Qxf5+ Qxf5 26. Rxf5 Bd4+ 27.
Kf1 Kg6 28. Rf4 e3 29. Ke2 Rb8 30. Nb5 c6 31. dxc6 Rc8 32. Nxd4 cxd4 33. Rxd4
Rxc6 1-0

[Event "29. Torneo San Viator 2017 - Torneo B"]
[Site "Madrid ESP"]
[Date "2017.10.01"]
[Round "3.4"]
[White "Castro Uceda, Jose Antonio"]
[Black "Tenorio Garcia, Joel"]
[Result "1-0"]
[WhiteElo "1636"]
[BlackElo "1515"]
[PlyCount "95"]
[EventDate "2017.09.17"]
[EventType "swiss"]
[EventRounds "9"]
[EventCountry "ESP"]
[SourceTitle "Ajedrez en Madrid"]
[Source "lmi"]
[SourceDate "2017.09.17"]

1. e4 e5 2. Nf3 Nc6 3. Bb5 Bc5 4. Bxc6 dxc6 5. h3 Qe7 6. d4 exd4 7. O-O Be6 8.
Nxd4 O-O-O 9. c3 g5 10. Re1 h5 11. Qa4 Bxd4 12. cxd4 Kb8 13. Be3 a6 14. d5 cxd5
15. Qd4 f6 16. Qa7+ Kc8 17. Qa8+ Kd7 18. Qxb7 Qd6 19. Nc3 Ne7 20. Qa7 Ke8 21.
exd5 Nxd5 22. Rad1 Qc6 23. Ne4 Kf7 24. Bxg5 Rhg8 25. Bh4 Bxh3 26. g3 Bg4 27.
Rc1 Qd7 28. Nxf6 Qf5 29. Rxc7+ Nxc7 30. Qxc7+ Rd7 31. Qc4+ Rd5 32. Nxd5 Kg7 33.
Qc7+ Kh6 34. Nf6 Rg7 35. Nxg4+ hxg4 36. Qd6+ Rg6 37. Qd2+ Kh7 38. Re7+ Rg7 39.
Rxg7+ Kxg7 40. Qg5+ Qxg5 41. Bxg5 Kg6 42. Bf4 Kf5 43. Kf1 Ke4 44. Ke2 a5 45.
Be3 a4 46. Kd2 Kd5 47. Kc3 Kc6 48. Kb4 1-0

[Event "29. Torneo San Viator 2017 - Torneo B"]
[Site "Madrid ESP"]
[Date "2017.10.01"]
[Round "3.5"]
[White "Aldea Moreno, Marina"]
[Black "Martin Claudio, Andres"]
[Result "1-0"]
[WhiteElo "1479"]
[BlackElo "1633"]
[PlyCount "115"]
[EventDate "2017.09.17"]
[EventType "swiss"]
[EventRounds "9"]
[EventCountry "ESP"]
[SourceTitle "Ajedrez en Madrid"]
[Source "lmi"]
[SourceDate "2017.09.17"]

1. e4 e5 2. Nf3 Nc6 3. d4 exd4 4. Nxd4 Bc5 5. Be3 Qf6 6. c3 Nxd4 7. cxd4 Bb4+
8. Nc3 d6 9. Bd3 Ne7 10. O-O O-O 11. f4 Nc6 12. Nd5 Qd8 13. f5 Ba5 14. Qh5 f6
15. Bc4 Rf7 16. Rf3 Kf8 17. Qxh7 Ne7 18. Nxe7 Kxe7 19. Bxf7 Kxf7 20. Qg6+ Kg8
21. Bh6 Qe7 22. Rg3 Qf7 23. Qxg7+ Qxg7 24. Rxg7+ Kh8 25. Rf7 Bb6 26. Rd1 d5 27.
g4 dxe4 28. Kf1 Ba5 29. a4 b5 30. axb5 a6 31. Rxf6 axb5 32. Ke2 Bb6 33. Bf4 Bb7
34. Rf7 Ra2 35. Rd2 Ba5 36. Rc2 b4 37. Ke3 b3 38. Rg2 Bc3 39. Rxc7 Bxb2 40.
Rxb2 Rxb2 41. Rxb7 Rb1 42. Be5+ Kg8 43. d5 Rf1 44. Kxe4 Rg1 45. Rxb3 Rxg4+ 46.
Kf3 Rh4 47. Rb7 Ra4 48. d6 Kf8 49. f6 Ra3+ 50. Ke4 Ra2 51. Kf5 Ra4 52. Ke6 Ra8
53. d7 Rd8 54. Rb8 Rxb8 55. Bxb8 Kg8 56. d8=Q+ Kh7 57. Kf5 Kh6 58. Qh8# 1-0

[Event "29. Torneo San Viator 2017 - Torneo B"]
[Site "Madrid ESP"]
[Date "2017.10.01"]
[Round "3.6"]
[White "Alcojor Patilla, Antonio"]
[Black "Periotto Miori, Lautaro"]
[Result "1-0"]
[WhiteElo "1618"]
[BlackElo "1492"]
[PlyCount "51"]
[EventDate "2017.09.17"]
[EventType "swiss"]
[EventRounds "9"]
[EventCountry "ESP"]
[SourceTitle "Ajedrez en Madrid"]
[Source "lmi"]
[SourceDate "2017.09.17"]

1. e4 c5 2. Nf3 d6 3. d4 cxd4 4. Nxd4 Nf6 5. Nc3 a6 6. Bd3 e6 7. f4 Be7 8. Be3
Nbd7 9. O-O Nc5 10. e5 Nfd7 11. Nf3 d5 12. Ne2 b5 13. Ned4 Qc7 14. Rc1 Na4 15.
b3 Nc3 16. Qe1 Nxa2 17. Ra1 Bb4 18. Qg3 Nc3 19. Qxg7 Rf8 20. Ng5 Nb6 21. Ndxe6
Bxe6 22. Nxe6 Qc6 23. Nxf8 Bxf8 24. Qxh7 Qe6 25. Bd4 Qc6 26. Rae1 1-0

[Event "29. Torneo San Viator 2017 - Torneo B"]
[Site "Madrid ESP"]
[Date "2017.10.01"]
[Round "3.7"]
[White "Alameda Arellano, Cristeto"]
[Black "Soria Martinez, Daniel"]
[Result "1-0"]
[WhiteElo "1577"]
[BlackElo "1283"]
[PlyCount "65"]
[EventDate "2017.09.17"]
[EventType "swiss"]
[EventRounds "9"]
[EventCountry "ESP"]
[SourceTitle "Ajedrez en Madrid"]
[Source "lmi"]
[SourceDate "2017.09.17"]

1. d4 d5 2. Bf4 Bf5 3. Nf3 Nd7 4. e3 e6 5. c4 Ngf6 6. Nc3 Nb6 7. c5 Nc4 8. Bxc4
dxc4 9. Qa4+ c6 10. Qxc4 Be7 11. h3 O-O 12. O-O Re8 13. a4 a5 14. Nh4 Be4 15.
Nxe4 Nxe4 16. Nf3 Qd5 17. Qd3 Nxc5 18. Qc2 Ne4 19. Ne5 Rad8 20. Rfd1 Rc8 21.
Nc4 Qf5 22. g4 Qg6 23. Ne5 Qf6 24. Qxe4 Qh4 25. Qf3 c5 26. Rac1 cxd4 27. exd4
Bg5 28. Bxg5 Qxg5 29. Qxf7+ Kh8 30. Rxc8 Rxc8 31. Qxe6 Rf8 32. Nf7+ Rxf7 33.
Qe8+ 1-0

[Event "29. Torneo San Viator 2017 - Torneo B"]
[Site "Madrid ESP"]
[Date "2017.10.01"]
[Round "3.8"]
[White "Navarro Gonzalez, Jaime"]
[Black "Gallego Romero, Manuel"]
[Result "1-0"]
[WhiteElo "1748"]
[BlackElo "1475"]
[PlyCount "65"]
[EventDate "2017.09.17"]
[EventType "swiss"]
[EventRounds "9"]
[EventCountry "ESP"]
[SourceTitle "Ajedrez en Madrid"]
[Source "lmi"]
[SourceDate "2017.09.17"]

1. b3 e5 2. Bb2 d6 3. e3 Nc6 4. Nf3 h6 5. Be2 Nf6 6. c4 Be7 7. O-O O-O 8. d4
exd4 9. exd4 Bf5 10. Bd3 Bxd3 11. Qxd3 b6 12. d5 Nb8 13. Nbd2 Nbd7 14. Nd4 Nb8
15. Rfe1 Nfd7 16. Ne4 Bf6 17. Nxf6+ Nxf6 18. Qg3 Nh5 19. Qc3 Qf6 20. Re3 Qg6
21. Rae1 a6 22. h3 Nf6 23. Rg3 Qh7 24. Qf3 Nbd7 25. Nf5 g6 26. Qf4 Ne5 27. Ne7+
Kg7 28. Rxe5 dxe5 29. Bxe5 Rfe8 30. Qxf6+ Kf8 31. Nxg6+ Kg8 32. Ne7+ Kf8 33.
Rg8+ 1-0

[Event "29. Torneo San Viator 2017 - Torneo B"]
[Site "Madrid ESP"]
[Date "2017.10.01"]
[Round "3.9"]
[White "Jimenez Alvaro, Angel"]
[Black "Blanco Martin, Oscar"]
[Result "1-0"]
[WhiteElo "1683"]
[BlackElo "1461"]
[PlyCount "85"]
[EventDate "2017.09.17"]
[EventType "swiss"]
[EventRounds "9"]
[EventCountry "ESP"]
[SourceTitle "Ajedrez en Madrid"]
[Source "lmi"]
[SourceDate "2017.09.17"]

1. d4 Nf6 2. Bf4 d5 3. e3 c5 4. Nd2 Nc6 5. c3 Bd7 6. Bd3 e6 7. Ngf3 Be7 8. Ne5
Qb6 9. Rb1 h6 10. O-O O-O 11. Nxd7 Nxd7 12. Qg4 f5 13. Qh3 g5 14. Qxh6 Rf6 15.
Qxg5+ Kf7 16. Qh5+ Kg7 17. Qe2 Rg6 18. Nf3 Rg8 19. Ne5 Ndxe5 20. Bxe5+ Kf8 21.
g3 Nxe5 22. dxe5 c4 23. Bc2 Qc7 24. f4 Bc5 25. b3 Qg7 26. Rf3 cxb3 27. Rxb3 Bb6
28. a4 Bc5 29. Qb5 b6 30. Bd3 Rh8 31. Qc6 Qh6 32. Rb2 Rh7 33. Qa8+ Kg7 34.
Qxa7+ Kh8 35. Qa8+ Rg8 36. Qc6 Qh5 37. Rbf2 Qf7 38. a5 Qa7 39. Qxe6 bxa5 40.
Qxf5 Rgg7 41. Re2 a4 42. Qe6 Rh5 43. Qe8+ 1-0

[Event "29. Torneo San Viator 2017 - Torneo B"]
[Site "Madrid ESP"]
[Date "2017.10.01"]
[Round "3.10"]
[White "Rojo Jorge, Angel"]
[Black "Alvarez Poves, Jesus"]
[Result "0-1"]
[WhiteElo "1476"]
[BlackElo "1598"]
[PlyCount "50"]
[EventDate "2017.09.17"]
[EventType "swiss"]
[EventRounds "9"]
[EventCountry "ESP"]
[SourceTitle "Ajedrez en Madrid"]
[Source "lmi"]
[SourceDate "2017.09.17"]

1. Nf3 d5 2. c4 d4 3. d3 Nc6 4. g3 e5 5. Bg2 Nf6 6. Qa4 Bd7 7. Qb5 Bd6 8. c5
Be7 9. Nbd2 O-O 10. a3 a6 11. Qc4 Be6 12. Qc2 a5 13. Nc4 Nd7 14. e3 Bxc5 15.
Ncxe5 Ndxe5 16. Nxe5 Nxe5 17. Bxb7 Rb8 18. Be4 Bb6 19. O-O Bd5 20. exd4 Bxd4
21. Bf4 Rxb2 22. Qa4 Bxe4 23. dxe4 Rxf2 24. Rad1 Nf3+ 25. Kh1 Rxh2# 0-1

[Event "29. Torneo San Viator 2017 - Torneo B"]
[Site "Madrid ESP"]
[Date "2017.10.01"]
[Round "3.11"]
[White "Murillo Paz, Pedro"]
[Black "Fernandez Garcia, Emilio"]
[Result "0-1"]
[WhiteElo "1471"]
[BlackElo "1579"]
[PlyCount "62"]
[EventDate "2017.09.17"]
[EventType "swiss"]
[EventRounds "9"]
[EventCountry "ESP"]
[SourceTitle "Ajedrez en Madrid"]
[Source "lmi"]
[SourceDate "2017.09.17"]

1. e4 g6 2. Nf3 Bg7 3. Bd3 d6 4. O-O Nd7 5. c3 Ngf6 6. Re1 O-O 7. Bf1 b6 8. d4
Bb7 9. e5 dxe5 10. dxe5 Nh5 11. g4 Bxf3 12. Qxf3 Nxe5 13. Qe4 f5 14. Qc6 Nxc6
15. gxh5 Ne5 16. h6 Nf3+ 17. Kg2 Nxe1+ 18. Kg1 Nc2 19. Bc4+ Kh8 20. hxg7+ Kxg7
21. Bf4 Qd1+ 22. Kg2 Qg4+ 23. Bg3 Qxc4 24. Nd2 Qd5+ 25. Nf3 Nxa1 26. Be5+ Kg8
27. Kg3 f4+ 28. Bxf4 Rxf4 29. Kxf4 Rf8+ 30. Ke3 Rxf3+ 31. Ke2 Qd3+ 0-1

[Event "29. Torneo San Viator 2017 - Torneo B"]
[Site "Madrid ESP"]
[Date "2017.10.01"]
[Round "3.12"]
[White "Comeron Galan, Daniel"]
[Black "Rivera Rodriguez, Luis Fernando"]
[Result "0-1"]
[WhiteElo "1576"]
[BlackElo "1458"]
[PlyCount "68"]
[EventDate "2017.09.17"]
[EventType "swiss"]
[EventRounds "9"]
[EventCountry "ESP"]
[SourceTitle "Ajedrez en Madrid"]
[Source "lmi"]
[SourceDate "2017.09.17"]

1. d4 d5 2. Bf4 c5 3. e3 Nc6 4. Nf3 Nf6 5. c3 Qb6 6. b3 Nh5 7. Bg5 h6 8. Bh4 g5
9. dxc5 Qxc5 10. Nd4 Nf6 11. Bg3 Bg7 12. Bd3 Ne4 13. Bxe4 dxe4 14. O-O h5 15.
h4 gxh4 16. Bxh4 Ne5 17. Nd2 Ng6 18. Bg3 h4 19. Bh2 Be5 20. Bxe5 Qxe5 21. Nc4
Qg5 22. f3 h3 23. Rf2 Nh4 24. Kf1 hxg2+ 25. Ke2 exf3+ 26. Nxf3 Bg4 27. Qd4 Rh5
28. Ncd2 Bxf3+ 29. Nxf3 Nxf3 30. Qa4+ b5 31. Qa6 Ne5 32. Rg1 Qg4+ 33. Kd2 Rd8+
34. Kc2 Qe4+ 0-1

[Event "29. Torneo San Viator 2017 - Torneo B"]
[Site "Madrid ESP"]
[Date "2017.10.01"]
[Round "3.13"]
[White "Jarne Anguita, Miguel"]
[Black "Rendo Quindos, Pedro"]
[Result "1-0"]
[WhiteElo "1436"]
[BlackElo "1550"]
[PlyCount "61"]
[EventDate "2017.09.17"]
[EventType "swiss"]
[EventRounds "9"]
[EventCountry "ESP"]
[SourceTitle "Ajedrez en Madrid"]
[Source "lmi"]
[SourceDate "2017.09.17"]

1. d4 Nf6 2. Nf3 g6 3. e3 Bg7 4. Bd3 O-O 5. O-O d6 6. b3 c5 7. Bb2 cxd4 8. Nxd4
Nc6 9. Nd2 e5 10. Nxc6 bxc6 11. c4 Re8 12. Ne4 Bb7 13. Qc2 Nxe4 14. Bxe4 f5 15.
Bd3 e4 16. Be2 Qe7 17. Rfd1 d5 18. Rac1 Rac8 19. Bxg7 Qxg7 20. Qc3 Red8 21. Qb4
c5 22. Qa5 Ba8 23. cxd5 Rxd5 24. Bc4 Qe5 25. Bxd5+ Bxd5 26. Rxc5 Rxc5 27. Qxc5
Kg7 28. Qxd5 Qb8 29. Qd4+ Kh6 30. Qd8 Qb4 31. Qh4+ 1-0

[Event "29. Torneo San Viator 2017 - Torneo B"]
[Site "Madrid ESP"]
[Date "2017.10.01"]
[Round "3.14"]
[White "Lopez Nunez, Alonso"]
[Black "Cuerda Montagud, Tomas"]
[Result "1-0"]
[WhiteElo "1549"]
[BlackElo "1444"]
[PlyCount "63"]
[EventDate "2017.09.17"]
[EventType "swiss"]
[EventRounds "9"]
[EventCountry "ESP"]
[SourceTitle "Ajedrez en Madrid"]
[Source "lmi"]
[SourceDate "2017.09.17"]

1. d4 Nf6 2. Bf4 g6 3. Nf3 Bg7 4. e3 d6 5. Nbd2 O-O 6. c3 Nbd7 7. Qb3 e5 8.
dxe5 dxe5 9. Nxe5 Nxe5 10. Bxe5 Ng4 11. Bxg7 Kxg7 12. Rd1 Rb8 13. Be2 Qe7 14.
Nf3 Be6 15. c4 b5 16. Qc3+ Kg8 17. cxb5 Rfd8 18. O-O Rd5 19. Nd4 Rc5 20. Qa3
Bd5 21. Bxg4 Qd6 22. Bf3 Bxf3 23. Nxf3 Rd5 24. Qxd6 Rxd6 25. Rxd6 cxd6 26. Nd4
Rc8 27. Nc6 Rc7 28. Rd1 Rd7 29. Kf1 Kf8 30. Ke2 f5 31. Rd5 Kf7 32. Ne5+ 1-0

[Event "29. Torneo San Viator 2017 - Torneo B"]
[Site "Madrid ESP"]
[Date "2017.10.01"]
[Round "3.15"]
[White "Garcia Prada, Guillermo"]
[Black "Fernandez Garcia, Emiliano"]
[Result "0-1"]
[WhiteElo "1375"]
[BlackElo "1537"]
[PlyCount "56"]
[EventDate "2017.09.17"]
[EventType "swiss"]
[EventRounds "9"]
[EventCountry "ESP"]
[SourceTitle "Ajedrez en Madrid"]
[Source "lmi"]
[SourceDate "2017.09.17"]

1. e4 c6 2. Nf3 d5 3. Nc3 dxe4 4. Nxe4 Bg4 5. h3 Bxf3 6. Qxf3 e6 7. Bc4 Nd7 8.
Qb3 Qb6 9. d3 Qxb3 10. axb3 Be7 11. O-O Ngf6 12. Bg5 Nxe4 13. Bxe7 Nd2 14. Bb4
Nxf1 15. d4 Ng3 16. fxg3 Nb6 17. Bd3 Nd5 18. Bd6 Kd7 19. Bf4 Nxf4 20. gxf4 h6
21. c4 Rhd8 22. Rd1 Kc7 23. Be4 a5 24. c5 a4 25. b4 a3 26. bxa3 Rxa3 27. Bc2
Ra2 28. Be4 Rb2 0-1

[Event "29. Torneo San Viator 2017 - Torneo B"]
[Site "Madrid ESP"]
[Date "2017.10.01"]
[Round "3.16"]
[White "Garcia Martin, Javier"]
[Black "Yeghiazaryan Petrosyan, Roberto"]
[Result "1-0"]
[WhiteElo "1532"]
[BlackElo "1285"]
[PlyCount "111"]
[EventDate "2017.09.17"]
[EventType "swiss"]
[EventRounds "9"]
[EventCountry "ESP"]
[SourceTitle "Ajedrez en Madrid"]
[Source "lmi"]
[SourceDate "2017.09.17"]

1. d4 d5 2. c4 c6 3. Nc3 Nf6 4. Nf3 g6 5. cxd5 cxd5 6. h3 Bg7 7. Bg5 O-O 8. e3
Nbd7 9. Bd3 Nb6 10. Qb3 e6 11. O-O h6 12. Bh4 Qe8 13. Nb5 Bd7 14. Nc7 Qe7 15.
Nxa8 Rxa8 16. Bb5 Rc8 17. Bxd7 Qxd7 18. Nd2 Nc4 19. Nxc4 dxc4 20. Qb4 Nd5 21.
Qa5 b6 22. Qd2 Bf8 23. a3 g5 24. Bg3 a5 25. Rac1 Rc6 26. e4 Nf6 27. f3 Bc5 28.
Bf2 Bf8 29. Rc2 Bg7 30. Rfc1 Qc7 31. d5 exd5 32. exd5 Rd6 33. Rxc4 Rxd5 34.
Rxc7 Rxd2 35. R7c2 Rxc2 36. Rxc2 Nd5 37. Rd2 Ne7 38. Bxb6 f5 39. Bxa5 f4 40.
Bc3 Bxc3 41. bxc3 Kf7 42. Kf2 Nf5 43. a4 Ne3 44. Rd4 h5 45. a5 g4 46. Rxf4+ Ke6
47. Kxe3 gxf3 48. Rxf3 h4 49. a6 Ke5 50. a7 Kd5 51. a8=Q+ Kc4 52. Kd2 Kb3 53.
Qd5+ Kb2 54. Qb5+ Ka1 55. Rf1+ Ka2 56. Qa4+ 1-0

[Event "29. Torneo San Viator 2017 - Torneo B"]
[Site "Madrid ESP"]
[Date "2017.10.01"]
[Round "3.17"]
[White "Lavayen Torres, Leonardo"]
[Black "Fernandez Rodriguez, Alberto"]
[Result "1-0"]
[WhiteElo "1342"]
[BlackElo "1520"]
[PlyCount "53"]
[EventDate "2017.09.17"]
[EventType "swiss"]
[EventRounds "9"]
[EventCountry "ESP"]
[SourceTitle "Ajedrez en Madrid"]
[Source "lmi"]
[SourceDate "2017.09.17"]

1. e4 c5 2. Nf3 d6 3. d4 cxd4 4. Nxd4 Nf6 5. Nc3 g6 6. Be2 Bg7 7. Be3 O-O 8. f3
a6 9. Qd2 h5 10. O-O-O Bd7 11. h3 Nc6 12. g4 b5 13. gxh5 Nxh5 14. Rhg1 Nxd4 15.
Bxd4 Be6 16. Bxg7 Kxg7 17. f4 Nf6 18. f5 b4 19. fxe6 bxc3 20. Qxc3 Rc8 21. Qd3
fxe6 22. e5 Qe8 23. exf6+ Rxf6 24. h4 Qa4 25. h5 g5 26. Rxg5+ Kh6 27. Rg6+ 1-0

[Event "29. Torneo San Viator 2017 - Torneo B"]
[Site "Madrid ESP"]
[Date "2017.10.01"]
[Round "3.18"]
[White "Perez Sempere, Alberto"]
[Black "Del Noval Nemeshazi, Mario"]
[Result "1/2-1/2"]
[WhiteElo "1731"]
[BlackElo "1416"]
[PlyCount "117"]
[EventDate "2017.09.17"]
[EventType "swiss"]
[EventRounds "9"]
[EventCountry "ESP"]
[SourceTitle "Ajedrez en Madrid"]
[Source "lmi"]
[SourceDate "2017.09.17"]

1. e4 e5 2. Nf3 Nc6 3. Bb5 Bc5 4. c3 Nge7 5. O-O Bb6 6. d4 exd4 7. cxd4 d5 8.
exd5 Nxd5 9. Re1+ Be6 10. Ng5 Qf6 11. Nxe6 fxe6 12. Qg4 O-O 13. Qxe6+ Qxe6 14.
Rxe6 Nxd4 15. Re5 Nc2 16. Re2 Nxa1 17. Bc4 Rad8 18. Nc3 c6 19. Kf1 Kh8 20. Nxd5
cxd5 21. Bd3 Rde8 22. Rd2 Ba5 23. Rd1 Bb6 24. f3 Be3 25. b3 Bd4 26. Ba3 Rf6 27.
Bb5 Re4 28. Bd3 Re5 29. Bb1 Bc3 30. Rc1 Re3 31. Bc5 Re1+ 32. Rxe1 Bxe1 33. Kxe1
Rc6 34. Be3 Nc2+ 35. Kd2 Nxe3 36. Kxe3 g6 37. Kd4 Rc1 38. Bd3 Rd1 39. Ke3 Kg7
40. g3 Kf6 41. f4 Ke6 42. Be2 d4+ 43. Ke4 Re1 44. Kd3 Kf5 45. h3 a6 46. Bg4+
Kf6 47. Kxd4 Rg1 48. Bc8 Rxg3 49. Bxb7 Rxh3 50. Bxa6 h5 51. Bc8 Rh1 52. a4 Rb1
53. a5 Rxb3 54. a6 Rb1 55. Kd5 Rb8 56. Bb7 Rf8 57. a7 h4 58. Kd6 h3 59. Kc7
1/2-1/2